Five Closest World Capitals by Country - Statistics

General Stats
  • This quiz has been taken 981 times
  • The average score is 18 of 30
Answer Stats
km capital miles % Correct
1437 Brasília 893
96%
45 Santiago 28
93%
94 Montevideo 59
92%
1852 Canberra 1151
86%
320 Sucre 199
86%
539 Reykjavík 335
85%
1867 Oslo 1160
83%
0.5 Asunción 0.3
82%
1991 Dublin 1237
81%
347 Hanoi 216
80%
203 Kingston 126
74%
269 Kuala Lumpur 167
73%
2165 Stockholm 1345
73%
210 Phnom Penh 131
71%
1 Vientiane 1
71%
258 Port-au-Prince 160
69%
468 Santo Domingo 291
65%
1 Brazzaville 1
62%
297 Nassau 185
59%
173 Naypyidaw 108
56%
1885 Suva 1171
55%
79 Kigali 49
40%
1904 Port Vila 1183
40%
1870 Nuku'alofa 1162
38%
647 Belmopan 402
34%
1 Bangui 0.4
33%
79 Gitega 49
28%
156 Juba 97
21%
1126 Tórshavn 700
14%
2372 Alofi 1474
6%
No matching quizzes found
Score Distribution
Percent of People with Each Score
Percentile by Number Answered
Your Score History
You have not taken this quiz